hilla visa - Statistics

General Stats
  • This quiz has been taken 11 times
  • The average score is 9 of 15
Answer Stats
Hint Answer % Correct
pituus 167
100%
monessako maassa oon käyny ( jos osasin laskea oikein) 8
100%
onko hillalla kavereita ei
100%
nykynen harrastus jalkapallo
100%
entinen harrastus tanssi
100%
synttärit 15.9.2008
50%
koko nimi hilla aune maria kangastalo
50%
tiktok käyttäjänimi hiltsuuy
50%
laulaja tai siis yks niistä isac elliot
50%
kuka on mun rakas juho
50%
lempi redbull juneberry
50%
mikä adjektiivi kuvaa mua parhaiten outo
50%
lempiväri pinkki
50%
pelko en pelkää mitään
0%
lempiherkut irttarit
0%
No matching quizzes found
Score Distribution
Percent of People with Each Score
Percentile by Number Answered
Your Score History
You have not taken this quiz